000 00428nam a2200157 i 4500
001 45229
003 ES-MaACL
005 20230906161202.0
007 t|
008 030325s1972 sp ||||1| spa d
100 1 _aCobos, Pablo de A.
_939367
245 1 0 _aSobre la muerte en Antonio Machado /
_cPablo de A. Cobos.
260 _aMadrid :
_bInsula,
_c1972.
300 _a149 p. ;
_c23 cm.
852 _aES-MaACL
_jC-43728
_bR.83361
999 _c45229
_d45229